LEADER 01074cam2 22002891 450 001 SOBE00057965 005 20180109100142.0 100 $a20180109d1969 |||||ita|0103 ba 101 $alat$aita 102 $aDE 200 0 $a1$fGiovanni Pico della Mirandola$gGian Francesco Pico$gcon una introduzione di Cesare Vasoli 210 $aHildesheim$cGeorg Olms$d1969 215 $aXXVI, 923 p.$d24 cm 300 $aRipr. facs. dell'ed.: Basel, 1557 461 1$1001E600200002007$12001 $aOpera omnia : (1557-1573) / Giovanni Pico della Mirandola ; Gian Francesco Pico 700 1$aPico della Mirandola$b, Giovanni$3A600200026033$4070$0280545 702 1$aVasoli, Cesare$3AF00013594$4070 702 1$aPico, Gian Francesco$3A600200026034$4070 801 0$aIT$bUNISOB$c20180109$gRICA 850 $aUNISOB 852 $aUNISOB$j850$m72927 912 $aSOBE00057965 940 $aM 102 Monografia moderna SBN 941 $aW 957 $a850$b002518$i-1$gSI$d72927$1rovito$2UNISOB$3UNISOB$420180109100101.0$520180109100121.0$6rovito 996 $a1$91728883 997 $aUNISOB